Statistics for Names For God

Click here to take the quiz!

General Stats

  • This quiz has been taken 65 times
  • The average score is 4 of 11

Answer Stats

Hint Answer % Correct
The Arabic word for GodAllah
84%
Epithet used 717 times in the New TestamentLord
55%
Its common Hebrew pronunciationYahweh
52%
Its commonly-witnessed LatinizationJehovah
45%
Four-letter biblical name of the God of IsraelYHWH
32%
Rastafari name for GodJah
29%
Name given by the burning bush (Exodus 3:14)I Am
25%
Hebrew word starting with "A" that means "My Lords"Adonai
16%
Long "t" word referring to these "four letters"the Tetragrammaton
13%
In Hinduism, the ultimate cause of existenceBrahman
11%
In Slavic languages and Clockwork OrangeBog
5%

Score Distribution

Percentile by Number Answered

Percent of People with Each Score

Your Score History

You have not taken this quiz